000 00400pab a2200157 454500
008 180718b1998 xxu||||| |||| 00| 0 eng d
100 _aSethi, Manpreet
245 _aThe Indian case might help the nuclear disarmament cause
260 _c1998
300 _ap.495-98
362 _aJun
650 _aNuclear explosions
650 _aNuclear tests
773 _aStrategic Analysis
909 _a37885
999 _c37885
_d37885